Reengineering organizace - pomocí informačních technologií

Neuspokojivé vykonávanie pracovných činností aj s použitím informačných technológií. Tradičná funkcionálna organizačná štruktúra. Podnikové procesy namiesto funkčných útvarov alebo funkcií. Dôležité - čím proces prispieva k tvorbe hodnôt v organizácii a ako nadväzuje na ostatné procesy. Reengineerin...

Ausführliche Beschreibung

Gespeichert in:
Bibliographische Detailangaben
Format: Buchkapitel
Sprache:Tschechisch
Schlagworte:
Tags: Tag hinzufügen
Keine Tags, Fügen Sie das erste Tag hinzu!

MARC

LEADER 00000naa a2200000 4500
001 r015260
005 20221205090548.9
041 0 |a cze 
044 |a CZ 
245 1 0 |a Reengineering organizace - pomocí informačních technologií 
520 |a Neuspokojivé vykonávanie pracovných činností aj s použitím informačných technológií. Tradičná funkcionálna organizačná štruktúra. Podnikové procesy namiesto funkčných útvarov alebo funkcií. Dôležité - čím proces prispieva k tvorbe hodnôt v organizácii a ako nadväzuje na ostatné procesy. Reengineering - prestavba, prebudovanie využíva 2 zásadné zmeny - dostatok vzdelaných ľudí, informačné technológie. 
610 2 0 |a štruktúra podniku organizačná 
610 2 0 |a podnik 
610 2 0 |a technológie informačné 
610 2 0 |a proces pracovný